000 00778nam a2200181Ia 4500
008 100921s9999 xx 000 0 und d
082 _b5669
_a954 थ 15
100 _aराजवाडे विश्वनाथ काशिनाथ.
245 _aमराठ्यांच्या इतिहासाची साधने.
260 _bभारत-गौरव-ग्रंथमाला,मुंबई.
_c1915
300 _a476
_b---
365 _b3
520 _aइतिहास-भारत.
630 _aमराठ्यांच्या इतिहासाची साधने.
650 _aइतिहास-भारत.
730 _aमराठ्यांच्या इतिहासाची साधने.
942 _cBOOK
999 _c754782
_d754779